000 00535nam a2200193Ia 4500
008 131103s9999 xx 000 0 und d
020 _cRs.3.50
040 _aLoreto College
041 _aEnglish
082 _a891.431/PAN-NAG
_bLCLIB/
100 _aNagendra
245 _aSumitranandan Pant
_cNagendra
260 _aAgra
_bSahitya Ratna Bhandar
_c[19 - ?]
300 _a187 p.
_c 21 cm.
650 _aPant,Sumitranandan
651 _aHindi Poetry - Criticism & interpretation
850 _aLCLIB/891.431/PAN-NAG
942 _cBK
999 _c18022
_d68501